Statistics for All DFB Pokal Winners

Click here to take the quiz!

General Stats

  • This quiz has been taken 100 times
  • The average score is 65 of 80

Answer Stats

HintAnswer% Correct
1971Bayern München
100%
2008Bayern München
100%
1969Bayern München
100%
1967Bayern München
100%
1966Bayern München
100%
1982Bayern München
100%
1984Bayern München
100%
1986Bayern München
100%
1957Bayern München
100%
2000Bayern München
100%
2003Bayern München
100%
2005Bayern München
100%
2006Bayern München
100%
1998Bayern München
100%
2019Bayern München
100%
2010Bayern München
100%
2016Bayern München
100%
2014Bayern München
100%
2013Bayern München
100%
2020Bayern München
100%
1965Borussia Dortmund
96%
2017Borussia Dortmund
96%
1989Borussia Dortmund
96%
2021Borussia Dortmund
96%
2012Borussia Dortmund
96%
1981Eintracht Frankfurt
93%
2018Eintracht Frankfurt
93%
1975Eintracht Frankfurt
93%
1974Eintracht Frankfurt
93%
1988Eintracht Frankfurt
93%
2009Werder Bremen
93%
1991Werder Bremen
93%
1961Werder Bremen
93%
2004Werder Bremen
93%
1994Werder Bremen
93%
1999Werder Bremen
93%
2022RB Leipzig
91%
2023RB Leipzig
91%
2015VFL Wolfsburg
90%
1937FC Schalke 04
89%
2001FC Schalke 04
89%
2002FC Schalke 04
89%
2011FC Schalke 04
89%
1972FC Schalke 04
89%
1963Hamburger SV
87%
1987Hamburger SV
87%
1976Hamburger SV
87%
1936VFB Leipzig
87%
1997VFB Stuttgart
87%
1958VFB Stuttgart
87%
19681. FC Köln
84%
19831. FC Köln
84%
19771. FC Köln
84%
19781. FC Köln
84%
19961. FC Kaiserslautern
83%
19901. FC Kaiserslautern
83%
19351. FC Nürnberg
81%
19621. FC Nürnberg
81%
20071. FC Nürnberg
81%
19391. FC Nürnberg
81%
1960Borussia Mönchengladbach
80%
1973Borussia Mönchengladbach
80%
1995Borussia Mönchengladbach
80%
1993Bayer 04 Leverkusen
79%
1980Fortuna Düsseldorf
68%
1979Fortuna Düsseldorf
68%
1992Hannover 96
68%
1964TSV 1860 München
64%
1942TSV 1860 München
64%
1953Rot-Weiss Essen
47%
1959Schwarz-Weiß Essen
47%
1938Rapid Wien
46%
1970Kickers Offenbach
38%
1985Bayer 05 Uerdingen
37%
1956Karlsruher SC
34%
1955Karlsruher SC
34%
1954VFB Stuttgart
16%
1941Dresdner SC
10%
1940Dresdner SC
10%
1943Vienna FC
2%

Score Distribution

Percentile by Number Answered

Percent of People with Each Score

Your Score History

You have not taken this quiz